Practical plant anatomy /

Guardado en:
Autor Principal: Foster, Adriance S. 1901-1973.
Formato: Libro
Idioma:English
Publicado: Princeton, N.J. ; New York : Van Nostrand, c1949.
Edición:2nd ed.
Etiquetas: Agregar Etiqueta
Sin Etiquetas, Sea el primero en etiquetar este registro!
LEADER 00561nam a22001575a 4500
001 EEA.libagro001088
005 20141216091737.0
008 130809s1949####nyua#####b####000#0#eng#d
082 0 4 |a 581.4 
100 1 |a Foster, Adriance S.  |q (Adriance Sherwood),  |d 1901-1973. 
245 1 0 |a Practical plant anatomy /  |c by Adriance S. Foster. 
250 |a 2nd ed. 
260 |a Princeton, N.J. ;  |a New York :  |b Van Nostrand,  |c c1949. 
300 |a xi, 228 p. :  |b il. ;  |c 22 cm. 
504 |a Incluye referencias bibliográficas e índice. 
859 |a AR-BbBCA  |b BIB. AGRONOMIA  |h 581.4  |i F754  |p 1962/0037